000
00295nam a22001217a 4500
020
_a
8187118032
082
_a
631.584
_b
GAU/HA
100
_a
Gaur,A.C
_9
470
245
_a
Handbook of Organic Farming and Biofertilizers
260
_a
Jaipur
_b
Ambica Book Agency
_c
2011
300
_a
667
942
_c
BK
999
_c
14332
_d
14332